000 00721nam a2200241Ia 4500
005 20260430150718.0
008 008 250103s9999 xx 000 0 eng d
037 _aTheses
040 _aCRL
040 _beng
040 _ceng
041 _2eng
041 _aeng
084 _qCRL
100 _aOraon Praveen Kumar Au.; Goel Shailendra Gu.
_91238268
245 0 _aConsequences of Autopolyploidy Studied Through Morphological and Transcriptomic Analysis in Vigna mungo (L.) Hepper and Vigna Radiata (L.) R. Wilczek
260 _c2024
300 _a213p.
650 _aBotany
700 _aUniversity of Delhi. Faculty of Science. Deptt. of Botany
_91237477
942 _cTH
999 _c1850440
_d1850440